<?xml version="1.0" encoding="UTF-8"?>
<record
    xmlns:xsi="http://www.w3.org/2001/XMLSchema-instance"
    xsi:schemaLocation="http://www.loc.gov/MARC21/slim http://www.loc.gov/standards/marcxml/schema/MARC21slim.xsd"
    xmlns="http://www.loc.gov/MARC21/slim">

  <leader>00891nam a22002297a 4500</leader>
  <controlfield tag="003">BDDh-ASL</controlfield>
  <controlfield tag="005">20231015031234.0</controlfield>
  <controlfield tag="008">230320m20132016b  ||||| |||| 00| 0 b   d</controlfield>
  <datafield tag="040" ind1=" " ind2=" ">
    <subfield code="c">BDDh-ASL</subfield>
  </datafield>
  <datafield tag="041" ind1=" " ind2=" ">
    <subfield code="a">bengali </subfield>
  </datafield>
  <datafield tag="082" ind1=" " ind2=" ">
    <subfield code="a">909.09</subfield>
    <subfield code="b">AHJ</subfield>
  </datafield>
  <datafield tag="100" ind1="1" ind2=" ">
    <subfield code="a">&#x986;&#x9B9;&#x9AE;&#x9A6;, &#x9B8;&#x9BE;&#x9AC;&#x9CD;&#x9AC;&#x9BF;&#x9B0; </subfield>
    <subfield code="9">7586</subfield>
  </datafield>
  <datafield tag="245" ind1="1" ind2="0">
    <subfield code="a">&#x99C;&#x9BE;&#x9A4;&#x9C0;&#x9AF;&#x9BC; &#x9AC;&#x9C3;&#x995;&#x9CD;&#x9B7; &#x986;&#x9AE;&#x997;&#x9BE;&#x99B; /</subfield>
  </datafield>
  <datafield tag="246" ind1=" " ind2=" ">
    <subfield code="a">Jatiya Brikkho Amgach. </subfield>
  </datafield>
  <datafield tag="260" ind1=" " ind2=" ">
    <subfield code="a">&#x9A2;&#x9BE;&#x995;&#x9BE;: </subfield>
    <subfield code="b">&#x9AA;&#x9B0;&#x9BF;&#x99A;&#x9AF;&#x9BC; &#x9AA;&#x9CD;&#x9B0;&#x995;&#x9BE;&#x9B6;&#x9A8;, </subfield>
    <subfield code="c">&#x9E8;&#x9E6;&#x9E7;&#x9EC;&#x964; </subfield>
  </datafield>
  <datafield tag="300" ind1=" " ind2=" ">
    <subfield code="a">&#x9E8;&#x9EA;&#x9EE; &#x9AA;&#x9C3;&#x9B7;&#x9CD;&#x9A0;&#x9BE;: </subfield>
    <subfield code="b">&#x9B0;&#x999;&#x9BF;&#x9A8; &#x99B;&#x9AC;&#x9BF;; </subfield>
    <subfield code="c">&#x9E8;&#x9E8; &#x9B8;&#x9C7;.&#x9AE;&#x9BF;. </subfield>
  </datafield>
  <datafield tag="504" ind1=" " ind2=" ">
    <subfield code="a">&#x997;&#x9CD;&#x9B0;&#x9A8;&#x9CD;&#x9A5;&#x9AA;&#x99E;&#x9CD;&#x99C;&#x9BF; &#x9B8;&#x982;&#x9AF;&#x9C1;&#x995;&#x9CD;&#x9A4; &#x964;</subfield>
  </datafield>
  <datafield tag="650" ind1=" " ind2="0">
    <subfield code="a">History (&#x987;&#x9A4;&#x9BF;&#x9B9;&#x9BE;&#x9B8;)</subfield>
    <subfield code="9">4586</subfield>
  </datafield>
  <datafield tag="650" ind1=" " ind2="0">
    <subfield code="a">General History (&#x9B8;&#x9BE;&#x9A7;&#x9BE;&#x9B0;&#x9A3; &#x987;&#x9A4;&#x9BF;&#x9B9;&#x9BE;&#x9B8;) </subfield>
    <subfield code="9">7588</subfield>
  </datafield>
  <datafield tag="650" ind1=" " ind2="0">
    <subfield code="a">Mango (&#x986;&#x9AE;)</subfield>
    <subfield code="9">7589</subfield>
    <subfield code="x">Mango Tree (&#x986;&#x9AE;&#x997;&#x9BE;&#x99B;)</subfield>
  </datafield>
  <datafield tag="942" ind1=" " ind2=" ">
    <subfield code="2">ddc</subfield>
    <subfield code="c">BK</subfield>
  </datafield>
  <datafield tag="952" ind1=" " ind2=" ">
    <subfield code="0">0</subfield>
    <subfield code="1">0</subfield>
    <subfield code="2">ddc</subfield>
    <subfield code="4">0</subfield>
    <subfield code="7">0</subfield>
    <subfield code="8">NFIC</subfield>
    <subfield code="a">ASL</subfield>
    <subfield code="b">ASL</subfield>
    <subfield code="c">GEN</subfield>
    <subfield code="d">2023-03-20</subfield>
    <subfield code="e">Purchase Book </subfield>
    <subfield code="l">0</subfield>
    <subfield code="o">909.09 AHJ</subfield>
    <subfield code="p">119783</subfield>
    <subfield code="r">2023-03-20 00:00:00</subfield>
    <subfield code="t">C-1</subfield>
    <subfield code="w">2023-03-20</subfield>
    <subfield code="y">BK</subfield>
    <subfield code="z">Y-2016</subfield>
  </datafield>
  <datafield tag="952" ind1=" " ind2=" ">
    <subfield code="0">0</subfield>
    <subfield code="1">0</subfield>
    <subfield code="2">ddc</subfield>
    <subfield code="4">0</subfield>
    <subfield code="7">0</subfield>
    <subfield code="8">NFIC</subfield>
    <subfield code="a">ASL</subfield>
    <subfield code="b">ASL</subfield>
    <subfield code="c">GEN</subfield>
    <subfield code="d">2023-03-20</subfield>
    <subfield code="e">Purchase Book </subfield>
    <subfield code="l">0</subfield>
    <subfield code="o">909.09 AHJ</subfield>
    <subfield code="p">119784</subfield>
    <subfield code="r">2023-03-20 00:00:00</subfield>
    <subfield code="t">C-2</subfield>
    <subfield code="w">2023-03-20</subfield>
    <subfield code="y">BK</subfield>
    <subfield code="z">Y-2016</subfield>
  </datafield>
  <datafield tag="952" ind1=" " ind2=" ">
    <subfield code="0">0</subfield>
    <subfield code="1">0</subfield>
    <subfield code="2">ddc</subfield>
    <subfield code="4">0</subfield>
    <subfield code="7">0</subfield>
    <subfield code="8">NFIC</subfield>
    <subfield code="a">ASL</subfield>
    <subfield code="b">ASL</subfield>
    <subfield code="c">GEN</subfield>
    <subfield code="d">2023-03-20</subfield>
    <subfield code="e">Purchase Book </subfield>
    <subfield code="l">0</subfield>
    <subfield code="o">909.09 AHJ</subfield>
    <subfield code="p">119785</subfield>
    <subfield code="r">2023-03-20 00:00:00</subfield>
    <subfield code="t">C-3</subfield>
    <subfield code="w">2023-03-20</subfield>
    <subfield code="y">BK</subfield>
    <subfield code="z">Y-2016</subfield>
  </datafield>
  <datafield tag="952" ind1=" " ind2=" ">
    <subfield code="0">0</subfield>
    <subfield code="1">0</subfield>
    <subfield code="2">ddc</subfield>
    <subfield code="4">0</subfield>
    <subfield code="7">0</subfield>
    <subfield code="8">NFIC</subfield>
    <subfield code="a">ASL</subfield>
    <subfield code="b">ASL</subfield>
    <subfield code="c">GEN</subfield>
    <subfield code="d">2023-04-26</subfield>
    <subfield code="e">Purchase Book</subfield>
    <subfield code="l">0</subfield>
    <subfield code="o">909.09 AHJ</subfield>
    <subfield code="p">120931</subfield>
    <subfield code="r">2023-04-26 00:00:00</subfield>
    <subfield code="t">C-4</subfield>
    <subfield code="w">2023-04-26</subfield>
    <subfield code="y">BK</subfield>
    <subfield code="z">Y-2016</subfield>
  </datafield>
  <datafield tag="999" ind1=" " ind2=" ">
    <subfield code="c">31163</subfield>
    <subfield code="d">31163</subfield>
  </datafield>
</record>
